| 000 | 00771nam a2200241Ia 4500 | ||
|---|---|---|---|
| 003 | OSt | ||
| 005 | 20220926012329.0 | ||
| 006 | a|||||r|||| 00| 0 | ||
| 007 | ta | ||
| 008 | 220923b |||||||| |||| 00| 0 eng d | ||
| 037 | _cGeneral Book | ||
| 040 |
_aRTL _cRTL _beng |
||
| 041 |
_2eng _aeng |
||
| 082 | _aX9(M73).1.N3, N7 | ||
| 100 |
_aFederico Giovanni _9316194 |
||
| 245 | 0 | _aEconomic history of the silk industry 1830-1930 | |
| 260 |
_aNew York _bCambridge University Press U S A _c1997 |
||
| 300 |
_axiv,259p. Bib p. 233-55 Appendix p. 196-232 _ccm. |
||
| 490 | _aCambridge studies In Modern Economic Histroy,5 | ||
| 650 |
_aSilk Industry _9241488 |
||
| 942 |
_hX9(M73).1.N3, N7 _cGB _2CC |
||
| 999 |
_c622554 _d622554 |
||